| Tag |
First Indicator |
Second Indicator |
Subfields |
| LEADER |
00000cam a2200000Mi 4500 |
| 001 |
in00004637814 |
| 006 |
m o d |
| 007 |
cr |n||||||||| |
| 008 |
130415s2013 flu ob 001 0 eng d |
| 005 |
20230110223958.5 |
| 035 |
|
|
|a (OCoLC)ocn839389127
|
| 040 |
|
|
|a YDXCP
|b eng
|e pn
|c YDXCP
|d OCLCO
|d OCLCF
|d OCLCQ
|d KNOVL
|d OCLCQ
|d EBLCP
|d DEBSZ
|d OCLCQ
|d AZK
|d MOR
|d PIFAG
|d N$T
|d AGLDB
|d MERUC
|d OCLCQ
|d ZCU
|d U3W
|d STF
|d WRM
|d COCUF
|d NRAMU
|d ICG
|d VT2
|d OCLCQ
|d WYU
|d TKN
|d DKC
|d AU@
|d OCLCQ
|d AJS
|d OCLCQ
|d OCLCO
|
| 019 |
|
|
|a 923206012
|a 929117027
|a 961488500
|a 962658492
|
| 020 |
|
|
|a 1604277300
|q (electronic bk.)
|
| 020 |
|
|
|a 9781604277302
|q (electronic bk.)
|
| 020 |
|
|
|a 9781680151695
|q (electronic bk.)
|
| 020 |
|
|
|a 168015169X
|q (electronic bk.)
|
| 020 |
|
|
|z 9781604270747
|q (hardcover ;
|q acid-free paper)
|
| 020 |
|
|
|z 1604270748
|q (hardcover ;
|q acid-free paper)
|
| 035 |
|
|
|a (OCoLC)839389127
|z (OCoLC)923206012
|z (OCoLC)929117027
|z (OCoLC)961488500
|z (OCoLC)962658492
|
| 050 |
|
4 |
|a TA711.5
|b .T78 2013
|
| 072 |
|
7 |
|a TEC
|x 009020
|2 bisacsh
|
| 082 |
0 |
4 |
|a 624.1/5
|2 23
|
| 049 |
|
|
|a TXAM
|
| 100 |
1 |
|
|a Tsudik, Edward,
|d 1933-
|
| 245 |
1 |
0 |
|a Analysis of structures on elastic foundations /
|c Edward Tsudik.
|
| 264 |
|
1 |
|a Plantation, FL :
|b J. Ross Publishing,
|c [2013]
|
| 300 |
|
|
|a 1 online resource (xiii, 585 pages)
|
| 336 |
|
|
|a text
|b txt
|2 rdacontent
|
| 337 |
|
|
|a computer
|b c
|2 rdamedia
|
| 338 |
|
|
|a online resource
|b cr
|2 rdacarrier
|
| 347 |
|
|
|a data file
|
| 504 |
|
|
|a Includes bibliographical references (pages 578-579) and index.
|
| 505 |
0 |
|
|a Soils and soil models -- Analytical methods of analysis of finite beams on Winkler Foundation -- Simplified analysis of beams and frames on Winkler Foundation -- Analysis of beams on elastic half-space -- Analysis of beams on elastic half-space, plain strain analysis -- Numerical analysis of beams supported on elastic half-space and elastic layer -- Simplified analysis of Mat Foundations -- Numerical analysis of Mat Foundations -- Analysis of circular plates on Elastic Foundation -- Special structures on Elastic Foundation.
|
| 588 |
0 |
|
|a Print version record.
|
| 650 |
|
0 |
|a Soil-structure interaction.
|
| 650 |
|
0 |
|a Foundations.
|
| 650 |
|
0 |
|a Elastic analysis (Engineering)
|
| 650 |
|
6 |
|a Interaction sol-structure.
|
| 650 |
|
6 |
|a Fondations (Construction)
|
| 650 |
|
6 |
|a Analyse élastique (Ingénierie)
|
| 650 |
|
7 |
|a foundations (structural elements)
|2 aat
|
| 650 |
|
7 |
|a TECHNOLOGY & ENGINEERING
|x Civil
|x General.
|2 bisacsh
|
| 650 |
|
7 |
|a Elastic analysis (Engineering)
|2 fast
|0 (OCoLC)fst00904183
|
| 650 |
|
7 |
|a Foundations.
|2 fast
|0 (OCoLC)fst00933266
|
| 650 |
|
7 |
|a Soil-structure interaction.
|2 fast
|0 (OCoLC)fst01124670
|
| 655 |
|
7 |
|a Electronic books.
|2 local
|
| 710 |
2 |
|
|a Knovel (Firm)
|
| 776 |
0 |
8 |
|i Print version:
|z 9781604270747
|z 1604270748
|w (DLC) 2012019966
|
| 856 |
4 |
0 |
|u http://proxy.library.tamu.edu/login?url=https://app.knovel.com/hotlink/toc/id:kpASEF000D/analysis-of-structures?kpromoter=marc
|z Connect to the full text of this electronic book
|t 0
|
| 955 |
|
|
|a Knovel ebooks
|
| 994 |
|
|
|a 92
|b TXA
|
| 999 |
f |
f |
|s c669c32f-12ef-4404-8e5d-f185571b1de8
|i 68359705-263a-41ba-ab1d-766a1346c44d
|t 0
|
| 952 |
f |
f |
|a Texas A&M University
|b College Station
|c Electronic Resources
|d Available Online
|t 0
|e TA711.5 .T78 2013
|h Library of Congress classification
|
| 998 |
f |
f |
|a TA711.5 .T78 2013
|t 0
|l Available Online
|